Normal view
MARC view
Entry Personal Name
001 - CONTROL NUMBER
- control field: 65167
003 - CONTROL NUMBER IDENTIFIER
- control field: dpl
005 - DATE AND TIME OF LATEST TRANSACTION
- control field: 20240429115331.0
008 - FIXED-LENGTH DATA ELEMENTS
- fixed length control field: 240429|| aca||aabn | a|a d
040 ## - CATALOGING SOURCE
- Original cataloging agency: dpl
- Transcribing agency: dpl
100 ## - HEADING--PERSONAL NAME
- Personal name: राठोर,ओमप्रकाश
670 ## - SOURCE DATA FOUND
- Source citation: Work cat.: (dpl)202398: राठोर,ओमप्रकाश, विद्रोही कवि संत तुकाराम की अभंग गाथा /, 2021
